000 00603nam a2200205 i 4500
001 74018
003 ES-MaACL
005 20230906172006.0
007 t|
008 040914s1914 sp ||||1| spa d
080 _a821.134.2-32"19"
100 1 _aGonzález-Blanco, Andrés,
_d1886-1924
_958459
245 1 0 _aEuropa tiembla /
_cAndrés González-Blanco.
260 _aMadrid :
_b[s.n.,
_c1914]
300 _a59 p. :
_bil. ;
_c16 cm.
490 1 _aLa novela de bolsillo ;
_v35
830 0 _aLa novela de bolsillo ;
_v35
_9231192
852 _aES-MaACL
_jT-1419-F-2
999 _c74018
_d74018